Sports Quiz

Random Sports Quiz

Best 5 Players in Sports Quiz Stats

 Plays Quiz not verified by Sporcle

Score 0/5 Timer 10:00
0 Plays Today
Team Player % Correct
Miami HeatChris Bosh
95.7%
Chicago BullsJimmy Butler
26.1%
Free Agent Joel Przybilla
13%
Colorado AvalancheCody McLeod
13%
Free AgentTim Tebow
8.7%

You're not logged in!

Compare scores with friends on all Sporcle quizzes.
OR
Log In

Show Comments

Extras

Top Quizzes Today


Score Distribution

Your Account Isn't Verified!

In order to create a playlist on Sporcle, you need to verify the email address you used during registration. Go to your Sporcle Settings to finish the process.

Report this User

Report this user for behavior that violates our Community Guidelines.

Details: